| 000 | 01724nam a2200253 a 4500 | ||
|---|---|---|---|
| 001 | BS0003537 | ||
| 003 | BR-BrBNA | ||
| 005 | 20230418192336.0 | ||
| 008 | 230308b |||||||| |||| 00| 0 por d | ||
| 040 |
_aBR-BrBNA _bpor _cBiblioteca Nacional de Agricultura |
||
| 041 | _apor | ||
| 072 | _aB52 | ||
| 090 | _aB52 BS0003537 | ||
| 100 | 1 | _aMagnoli, D. | |
| 245 | 1 | _aA hora e a história / | |
| 260 | 3 |
_aSão Paulo, SP: _bTrês Estrelas, _c2015. |
|
| 300 | _a287 p. | ||
| 520 | 3 | _aOs acontecimentos políticos decisivos do Brasil e do mundo na última década são o objeto de reflexão e análise de A hora e a história. O livro reúne os principais textos escritos para a imprensa pelo sociólogo Demétrio Magnoli, um dos mais lúcidos colunistas do país. O autor analisa temas atuais da política que vão dos descaminhos da esquerda petista no Brasil à ascensão das direitas na Europa. Independência crítica, solidez intelectual e vigor polêmico marcam os artigos, que foram publicados originalmente nos jornais Folha de S.Paulo, O Globo e O Estado de S. Paulo. Magnoli analisa episódios ocorridos entre 2004 e 2015 e que continuam afetando a vida brasileira e internacional, tais como o lulopetismo, a corrupção em empresas estatais, o debate das cotas raciais, a persistência do populismo latino-americano, a crise do mundo árabe e o recrudescimento do terrorismo jihadista. Feitas no calor da hora, as colunas permanecem uma leitura essencial a todos os que desejam ampliar sua reflexão política e compreender os elos entre o presente e a história. | |
| 650 | _aPOLÍTICA | ||
| 650 | _aJORNALISMO | ||
| 650 | _aPOLÍTICA INTERNACIONAL | ||
| 909 |
_a202304 _bSergio Santos _c56 _dSergio Santos |
||
| 942 | _cBK | ||
| 999 |
_c8597 _d8597 |
||